China and the origins of the pacific war, 1931-1941 (Record no. 999447)

MARC details
000 -LEADER
fixed length control field 00712nam a2200253Ia 4500
003 - CONTROL NUMBER IDENTIFIER
control field OSt
005 - DATE AND TIME OF LATEST TRANSACTION
control field 20221005092839.0
008 - FIXED-LENGTH DATA ELEMENTS--GENERAL INFORMATION
fixed length control field 221004b |||||||| |||| 00| 0 eng d
020 ## - INTERNATIONAL STANDARD BOOK NUMBER
International Standard Book Number 0312090102
037 ## - SOURCE OF ACQUISITION
Terms of availability Textual
040 ## - CATALOGING SOURCE
Original cataloging agency CRL
Transcribing agency CRL
Language of cataloging eng
041 ## - LANGUAGE CODE
Source of code eng
Language code of text/sound track or separate title eng
100 ## - MAIN ENTRY--PERSONAL NAME
Personal name Sun Youli
9 (RLIN) 617828
245 #0 - TITLE STATEMENT
Title China and the origins of the pacific war, 1931-1941
260 ## - PUBLICATION, DISTRIBUTION, ETC.
Place of publication, distribution, etc. New York
Name of publisher, distributor, etc. St. Martin's Press USA
Date of publication, distribution, etc. 1993
300 ## - PHYSICAL DESCRIPTION
Extent 244 p.
Dimensions cm.
650 ## - SUBJECT ADDED ENTRY--TOPICAL TERM
Topical term or geographic name entry element CHINA - HISTORY
942 ## - ADDED ENTRY ELEMENTS (KOHA)
Classification part V41:1942(zM).N41<--N31, N3
Koha item type Textual
Source of classification or shelving scheme
Holdings
Withdrawn status Lost status Damaged status Not for loan Home library Current library Date acquired Total Checkouts Full call number Barcode Date last seen Price effective from Koha item type
        Central Library Central Library 2022-10-05   V41:1942(zM).N41<--N31 N3 CL1208170 2022-10-05 2022-10-05 Textual
Copyright @ Delhi University Library System